| 000 | 00642nas a2200217 4500 | ||
|---|---|---|---|
| 001 | BR9103595 | ||
| 003 | BR-BrBNA | ||
| 005 | 20231205092119.0 | ||
| 007 | ta | ||
| 008 | 230509b bl.|||p| |||| 00| 00por d | ||
| 040 |
_aBR-BrBNA _bpor _cBiblioteca Nacional de Agricultura |
||
| 041 | _a(Pt) | ||
| 072 | _aL73 | ||
| 100 | 1 | _aPatricio, I.S. | |
| 245 | 1 | _aFalando sobre a DCR [mycoplasmose, ave domestica] | |
| 650 | _aFRANGO DE CORTE | ||
| 650 | _aMICOPLASMOSE | ||
| 773 | 0 |
_tAvicultura Industrial (Brazil) _xISSN 0101-2258 _g(Mar 1985), v. 75(903) p. 54-56 _wBR9103595 |
|
| 909 |
_a202311 _bLúcia _c55 _dLúcia Elande |
||
| 942 |
_2AGRIS _n0 _cANA |
||
| 999 |
_c129430 _d129430 |
||